000
00265nam a22000977a 4500
999
_c
11740
_d
11740
008
200113b ||||| |||| 00| 0 eng d
020
_a
9780395553305
100
_a
Moss Marissa
_9
7428
245
_a
Regina's Big Mistake
260
_a
Boston
_b
Houghton Mifflin Company
_c
1990